Представление документа в формате RUSMARC

ПолеНазваниеЗначение
  Тип записи a
  Библиографический уровень a
001 Контрольный номер RU/CBS_Ul/BASE/495494297
005 Дата корректировки 20240209175151.0
100 Данные общей обработки __
a Данные общей обработки 20150913d2015 ||| 0rusy0189 ca
101 Язык документа 0_
a Язык текста rus
102 Страна публикации __
a Страна публикации RU
105 Кодированные данные (монография) __
a Кодированные данные (монография) y###||||000|y
200 Заглавие и сведения об ответственности 1_
a Заглавие Анатолий Кучерена: "Книга - мой путеводитель по жизни"
b Общее обозначение материала Текст
e Сведения, относящиеся к заглавию [интервью с автором романа "Время спрута" А. Кучерена]
g Последующие сведения об ответственности беседовал В. Гуга
f Первые сведения об ответственности А. Кучерена
300 Общие примечания __
a Общие примечания Ограничения по возрасту - 16+
461 Уровень набора _0
1 2000
a Читаем вместе
463 Уровень физической единицы _0
1 001RU/CBS_Ul/BASE/494622314
1 2000
a № 6
v С. 8-9.
1 210
d 2015
600 Персоналии __
a Персоналии (Фамилия) Кучерена
b Персоналии (Имя, инициалы) А.
606 Тематические рубрики 0_
a Основная рубрика Литературоведение - Россия - 21 в.
610 Ключевые слова 0_
a Ключевые слова писатели
a Ключевые слова российские писатели
a Ключевые слова интервью
a Ключевые слова романы
a Ключевые слова литературоведение
686 Индексы других классификаций __
a Классификационный индекс 83.3(2Рос=Рус)6
2 Код системы ББК
700 Автор _1
a Фамилия Кучерена
b Имя (инициалы) А.
801 Источник записи _0
a Страна RU
b Организация МБУК ЦБС г. Ульяновска
c Дата составления 20150913
g Правила каталогизации RCR
801 Источник записи _1
a Страна RU
b Организация МБУК ЦБС г. Ульяновска
c Дата составления 20150913
g Правила каталогизации RCR
901 Тип документа __
t Тип документа b
w Контрольный № источника RU/CBS_Ul/BASE/494622314
910 Корректоры записи __
a Корректор записи admin2
938 Служебная информация __
a Имя БД period